BIBLIOTECA

SENCICO

Como interpretar un balance : libro programado de la OIT (Registro nro. 3343)

Detalles MARC
000 -LEADER
fixed length control field 00698nam a2200205Ia 4500
005 - DATE AND TIME OF LATEST TRANSACTION
control field 20251020182611.0
008 - FIXED-LENGTH DATA ELEMENTS--GENERAL INFORMATION
fixed length control field 200515s9999 xx 000 0 und d
082 ## - DEWEY DECIMAL CLASSIFICATION NUMBER
Classification number SC/657.62(025)/O36/1972
110 ## - MAIN ENTRY--CORPORATE NAME
Corporate name or jurisdiction name as entry element OIT
245 #0 - TITLE STATEMENT
Title Como interpretar un balance : libro programado de la OIT
250 ## - EDITION STATEMENT
Edition statement 2a ed.
260 ## - PUBLICATION, DISTRIBUTION, ETC.
Place of publication, distribution, etc. Ginebra
260 ## - PUBLICATION, DISTRIBUTION, ETC.
Date of publication, distribution, etc. 1987
300 ## - PHYSICAL DESCRIPTION
Extent 251
520 ## - SUMMARY, ETC.
Summary, etc. Estudio de la cuenta de pérdidas y ganancias del estado de fuentes y empleos de fondos y de los ajustes que quizá deban efectuarse en los estados financieros en países con marcada inflación, en particular en América Latina
650 ## - SUBJECT ADDED ENTRY--TOPICAL TERM
Topical term or geographic name entry element BALANCES
650 ## - SUBJECT ADDED ENTRY--TOPICAL TERM
Topical term or geographic name entry element CONTABILIDAD
650 ## - SUBJECT ADDED ENTRY--TOPICAL TERM
Topical term or geographic name entry element PUB OIT
942 ## - ADDED ENTRY ELEMENTS (KOHA)
Koha item type Libros
Existencias
Fecha de la última vez que lo usaron Pago total Signatura topográfica completa Código de barras Precio efectivo desde Tipo de documento Estado perdido Estado dañado No es para préstamo Retirado Ubicación permanente Ubicación actual Fecha de adquisición
15/05/2020   SC/657.62(025)/O36/1972 Bib-Lima15053343 15/05/2020 Libros         Biblioteca Central Lima Biblioteca Central Lima 15/05/2020